000
00307nam a22001337a 4500
008
170830b xxu||||| |||| 00| 0 eng d
020
_a
2128/u
041
_a
eng
080
_2
10TH
_a
070
100
_a
40
101
_a
MED
245
_a
THE INTERPERSONAL COMMUNICATION BOOK
_c
DEVITO,J,.A
942
_2
udc
_c
BK
999
_c
25576
_d
25576